=LDR 00000nam 2200000 4500 =001 INLIS000000000028677 =005 20130612130950 =008 ***********************************ind** =035 ##$$0010-061300000028677 =041 ##$$a ind =082 ##$$a 787.2 =090 ##$$a 787.2, HAK t =100 ##$$a Hakim, Thursan =245 ##$$a Teknik paling praktis belajar memainkan biola dan gitar, Thursan Hakim =250 ##$$a Mengolah rasa dan raga =260 ##$$a 2004 $b Jakarta =300 ##$$a viii, 186 hlm., ilus., 24 cm =650 ##$$a Belajar bermain biola dan gitar =850 ##$$a NBPNMAT =990 ##$$a 0001/BPAP-NTB/2016